书目信息 |
| 题名: |
现代数字通信技术
|
|
| 作者: | 冯重熙 , 钱亚生 , 姚彦 , 诸庆麟 编著 | |
| 分册: | ||
| 出版信息: | 北京 人民邮电出版社 1987 |
|
| 页数: | 642页 | |
| 开本: | 20cm | |
| 丛书名: | 通信工程丛书 | |
| 单 册: | ||
| 中图分类: | TN914.3 , TN91 | |
| 科图分类: | ||
| 主题词: | 数字通信 , 通信 | |
| 电子资源: | ||
| ISBN: | 7-115-04358-2 | |
| 000 | 00962nam2 2200337 45 | |
| 001 | 0187006453 | |
| 005 | 20040915150646.8 | |
| 010 | @dCNY17.90@b精装@a7-115-04358-2 | |
| 100 | @a19900830d1987 em y0chiy0121 ea | |
| 101 | 0 | @achi |
| 102 | @aCN@b110000 | |
| 105 | @af z 000yy | |
| 106 | @ar | |
| 200 | 10 | @a现代数字通信技术@Axian dai shu zi tong xin ji shu@f冯重熙等编著 |
| 210 | @a北京@c人民邮电出版社@d1987 | |
| 215 | @a642页@d20cm | |
| 225 | 2 | @a通信工程丛书@i数字通信@h1 |
| 410 | 0 | @120010@a通信工程丛书 |
| 517 | 1 | @a数字通信技术@Ashu zi tong xin ji shu |
| 606 | @a数字通信 | |
| 606 | 0 | @a通信 |
| 610 | 0 | @a数字终端技术 |
| 690 | @aTN914.3@v3 | |
| 690 | @aTN91 | |
| 701 | 0 | @a冯重熙@Afeng chong xi@4编著 |
| 701 | 0 | @a钱亚生@Aqian ya sheng@4编著 |
| 701 | 0 | @a姚彦@Ayao yan@4编著 |
| 701 | 0 | @a诸庆麟@Azhu qing lin@4编著 |
| 801 | 0 | @aCN@b深圳图书馆@c20040915 |
| 801 | 2 | @aCN@bNLC@c20040915 |
| 905 | @f1@b249047@dTN91@e36:2(1) | |
| 现代数字通信技术/冯重熙等编著.-北京:人民邮电出版社,1987 |
| 642页;20cm.-(通信工程丛书.数字通信.1) |
| ISBN 7-115-04358-2(精装):CNY17.90 |
| ● |
| 相关链接 |
|
|
|
|
正题名:现代数字通信技术
索取号:TN91/36:2(1)
 
预约/预借
| 序号 | 登录号 | 条形码 | 馆藏地/架位号 | 状态 | 备注 |
| 1 | 0249047 | 001957868 | 第三借阅区/ [索取号:TN91/36:2(1)] | 在馆 | |
| 2 | 0249048 | 001323320 | 第二样本阅览室/ [索取号:TN91/36:2(1)] | 在馆 |